AANANDI (Record no. 20228)

MARC details
000 -LEADER
fixed length control field 00229nam a22001217a 4500
003 - CONTROL NUMBER IDENTIFIER
control field SGT
082 ## - DEWEY DECIMAL CLASSIFICATION NUMBER
Item number JOS
100 ## - MAIN ENTRY--PERSONAL NAME
Personal name JOSHI, MALATI
245 ## - TITLE STATEMENT
Title AANANDI
260 ## - PUBLICATION, DISTRIBUTION, ETC. (IMPRINT)
Place of publication, distribution, etc DELHI
Name of publisher, distributor, etc MANU
Year of Publication 2009
300 ## - PAGE DESCRIPTION
No. of Pages 137
942 ## - ADDED ENTRY ELEMENTS (KOHA)
Source of classification or shelving scheme Dewey Decimal Classification
Koha item type Books
942 ## - ADDED ENTRY ELEMENTS (KOHA)
-- 2
Holdings
Withdrawn status Lost status Source of classification or shelving scheme Damaged status Not for loan Collection code Home library Current library Date acquired SGTU Total Checkouts Full call number Accession No. (Barcode) Date last seen Date last borrowed Bill Date Koha item type
    Dewey Decimal Classification     MASS COMMUNICATION SGT Science & Social Sciences Library SGT Science & Social Sciences Library 10/07/2020 SGTU 2 JOS MC663 29/03/2025 24/02/2025 10/07/2020 Books